Bodengeoquiz - Uni HD - Glimmerverwitterung (Teil 13) - Statistiken

Allgemein
  • Dieses Quiz wurde 64 mal gespielt
  • Das Durchschnittsergebnis liegt bei 11 aus 18
Antwortstatistiken
Frage Antwort % Korrekt
Welches Element/Ion wird bei der Verwitterung entzogen? Kalium
97%
Bei welchem pH-Wert entsteht das TM aus Frage 11? 5
89%
Welches TM entsteht zunächst bei der Verwitterung? Illit
89%
Ab wie viel Prozent Kalium entstehen Übergangsminerale? 3%
78%
Wie hoch ist der Kaliumgehalt des Glimmers in Prozent? 10%
75%
Ab welchem pH-Wert wird die Glimmerverwitterung in Gang gesetzt? 6,5
75%
Welcher Stoff liegt der Glimmerverwitterung zugrunde? Glimmer
75%
Ist die Tonmineralverwitterung bis hierhin ein reversibler oder ein irreversibler Prozess? Reversibel
75%
Was setzt bei einem pH < 5 ein? Tonmineralzerstörung
67%
Durch was wird (Antwort auf Frage 4) ersetzt? H+
58%
Welches TM hat 1% Kaliumanteil? Vermiculit
56%
Wie viel Prozent der TMs in den mitteleuropäischen Böden sind die TMs aus Frage 6? 95%
50%
Nenne eine TM - Gruppe, in die das TM aus Frage 6 durch Aufnahme von bspw Magnesium o.ä. umgewandelt werden kann. Smectite
50%
Nenne eine Stoffgruppe/einen Stoff, der ein Endprodukt dieses Prozesses ist. Kieselsäure
42%
Welches Ion/Metall wird bei der letztendlichen Desilifizierung entzogen? Silizium
33%
Wie hoch ist der Kaliumgehalt des TMs aus Frage 6 (Zahlen hier in Worten!)? vier bis sechs
31%
Welches vierschichtige Tonmineral entsteht nun? Sekundärer Chlorit
25%
Wodurch genau setzt der Prozess aus der vorherigen Frage ein? Zerstörung Oktaeder
3%
Keine übereinstimmenden Quizze gefunden
Verteilung der Resultate
Anzahl Personen mit jedem Resultat
Perzentil nach korrekt beantworteten Fragen
Ihre Resultats-Entwicklung
Sie haben dieses Quiz noch nicht gespielt